000 00800nam a2200265 i 4500
001 C2-0155030
003 PPAK
005 20180727132121.0
008 980330s1996 my |||| ||||| | may d
020 _a9839184202
040 _aPPAK
_beng
_cPPAK
_erda
082 0 4 _a418.927
_223
090 0 0 _a418.927
_bSYE
_dG
090 0 0 _a418.927
_bSYE
_dR
100 0 _aSyed Nurul Akla Syed Abdullah,
_eauthor
245 1 0 _aGlosari istilah :
_bayat Al-Quran, ungkapan hadis, kata-kata hikmah
264 1 _aKuala Lumpur :
_bInstitut Perkembangan Minda (INMIND) ,
_c1996
300 _axii, 95 pages ;
_c21 cm
336 _2rdacontent
_atext
337 _2rdamedia
_aunmediated
338 _2rdacarrier
_avolume
650 1 0 _aAl-Quran - Glossaries, vocabularies, etc.
700 _eauthor
942 _ddc
_cB
999 _c47654
_d47654